00324nam a2200121Ia 4500008004100000041000800041082001200049100001700061245004500078260004000123300003000163365000900193240624s9999 xx 000 0 und d aeng a330 CAR aCARTER BRIAN aLIKE ECONOMY HOW BUSINESSES MAKE MONEY W c2011aUnited States of AmericabQue axv, : 263 : p. : cm. ; 23 cb26